logo

Bir Sreshtho Munshi Abdur Rouf Library
Jhenaidah Cadet College

College algebra and trigonometry / (Record no. 13230)

MARC details
000 -LEADER
fixed length control field 00730pam a2200253 a 4500
001 - CONTROL NUMBER
control field 13230
003 - CONTROL NUMBER IDENTIFIER
control field BDJhCC
005 - DATE AND TIME OF LATEST TRANSACTION
control field 20230730115556.0
008 - FIXED-LENGTH DATA ELEMENTS--GENERAL INFORMATION
fixed length control field 230623s1983 caua 001 0 eng
020 ## - INTERNATIONAL STANDARD BOOK NUMBER
International Standard Book Number 0534029175
040 ## - CATALOGING SOURCE
Original cataloging agency DLC
Transcribing agency DLC
Modifying agency DLC
-- BDJhCC
050 00 - LIBRARY OF CONGRESS CALL NUMBER
Classification number QA154.2
Item number .S844 1987
082 00 - DEWEY DECIMAL CLASSIFICATION NUMBER
Classification number 512.9044
Edition number 19
Item number HOL 1983
100 1# - MAIN ENTRY--PERSONAL NAME
Personal name Holder, Leonard I.
Dates associated with a name 1942-
245 10 - TITLE STATEMENT
Title College algebra and trigonometry /
Statement of responsibility, etc. Getysburg I. Holder
250 ## - EDITION STATEMENT
Edition statement 3rd ed.
260 ## - PUBLICATION, DISTRIBUTION, ETC.
Place of publication, distribution, etc. London :
Name of publisher, distributor, etc. Wadsworth Publishing Company,
Date of publication, distribution, etc. 1983.
300 ## - PHYSICAL DESCRIPTION
Extent xiii, 528, AN 44 p. :
Dimensions 25 cm.
500 ## - GENERAL NOTE
General note Includes index.
650 #0 - SUBJECT ADDED ENTRY--TOPICAL TERM
Topical term or geographic name entry element Algebra.
650 #0 - SUBJECT ADDED ENTRY--TOPICAL TERM
Topical term or geographic name entry element Trigonometry.
906 ## - LOCAL DATA ELEMENT F, LDF (RLIN)
a 7
b cbc
c orignew
d 1
e ocip
f 19
g y-gencatlg
942 ## - ADDED ENTRY ELEMENTS (KOHA)
Source of classification or shelving scheme Dewey Decimal Classification
Koha item type Reference
Holdings
Withdrawn status Lost status Source of classification or shelving scheme Damaged status Not for loan Home library Current library Shelving location Date acquired Total Checkouts Full call number Barcode Date last seen Copy number Price effective from Koha item type
    Dewey Decimal Classification     JCC Rouf Library JCC Rouf Library General Stacks 06/23/2023   512.9044 HOL 1983 11201 07/30/2023 C-1 07/30/2023 Reference

JCC Library | Contacts | JCC Home

Last Update on 23 September 2017
Copyright @ 2017-2020 JCC Rouf Library
Rouf Library, Jhenidah Cadet College (JCC), Bangladesh